Central Library OPAC University of Rajshahi

Mathematics of statistics / (Record no. 6770)

MARC details
000 -LEADER
fixed length control field 00850cam a22002771 4500
001 - CONTROL NUMBER
control field 6770
003 - CONTROL NUMBER IDENTIFIER
rucl marc code BD-RjUL
005 - DATE AND TIME OF LATEST TRANSACTION
control field 20211208234318.0
008 - FIXED-LENGTH DATA ELEMENTS--GENERAL INFORMATION
fixed length control field 140112s19471951nyua b 001 0 eng
035 ## - SYSTEM CONTROL NUMBER
System control number (BD-RjUL)6812
System control number (OCoLC)1157101
040 ## - CATALOGING SOURCE
Original cataloging agency DLC
Transcribing agency VtMiM
Modifying agency OCoLC
-- CoU-M
-- DLC
-- BD-RjUL
Language of cataloging eng
041 ## - LANGUAGE CODE
Language code of text/sound track or separate title eng
082 ## - DEWEY DECIMAL CLASSIFICATION NUMBER
Classification number 519.5
Author mark and year KEM 1965
Edition number 23
100 1# - MAIN ENTRY--PERSONAL NAME
Personal name Kenney, John F.
Fuller form of name (John Francis),
Dates associated with a name 1897-
9 (RLIN) 21290
245 10 - TITLE STATEMENT
Title Mathematics of statistics /
Statement of responsibility, etc. John F Kenney
250 ## - EDITION STATEMENT
Edition statement 2d ed.
260 ## - PUBLICATION, DISTRIBUTION, ETC. (IMPRINT)
Place of publication, distribution, etc. New York :
Name of publisher, distributor, etc. Van Nostrand,
Date of publication, distribution, etc. c1951 [Printing 1965, Reprinted 1963].
300 ## - PHYSICAL DESCRIPTION
Pagination xiii, 429 p. :
Illustrations ill. ;
Size 23 cm.
504 ## - BIBLIOGRAPHY, ETC. NOTE
Bibliography, etc Includes bibliographies and index.
505 0# - FORMATTED CONTENTS NOTE
Formatted contents note Pt. 2--
650 #0 - SUBJECT ADDED ENTRY--TOPICAL TERM
Topical term or geographic name as entry element Mathematical statistics.
9 (RLIN) 21291
700 1# - ADDED ENTRY--PERSONAL NAME
Personal name Keeping, E. S.
Relator term joint author.
942 ## - ADDED ENTRY ELEMENTS (KOHA)
Source of classification or shelving scheme Dewey Decimal Classification
Koha item type Books
Holdings
Lost status Source of classification or shelving scheme Damaged status Not for loan Collection code Permanent Location Current Location Shelving location Date acquired Source of acquisition Cost, normal purchase price Total Checkouts Full call number Date last seen Copy number Koha item type
  Dewey Decimal Classification     Non-fiction Central Library, University of Rajshahi Central Library, University of Rajshahi   15/11/1968 Zeitlinger 72.60   519.5 KEM Pt-2 1965 12/01/2014 C-2 Books
  Dewey Decimal Classification     Non-fiction Central Library, University of Rajshahi Central Library, University of Rajshahi   15/11/1968 Zeitlinger 72.60   519.5 KEM Pt-2 1965 27/08/2016 C-3 Books
  Dewey Decimal Classification     Non-fiction Central Library, University of Rajshahi Central Library, University of Rajshahi   26/11/1965 Zeitlinger     519.5 KEM Pt.-2 1965 14/11/2016 C-4 Books
  Dewey Decimal Classification     Non-fiction Central Library, University of Rajshahi Central Library, University of Rajshahi   09/12/1968 zeitlinger 12.00   519.5 KEM Pt-2 1965 26/11/2016 C-5 Books